Loading...
Global development finance : building coalitions for effection development finance part I country tables /
| Main Author: | |
|---|---|
| Format: | Printed Book |
| Language: | English |
| Published: |
Washington:
World Bank,
2001.
|
| LEADER | 00534 a2200121 4500 | ||
|---|---|---|---|
| 008 | 100208b ||||| |||| 00| 0 eng d | ||
| 082 | |a 336.3435 | ||
| 100 | |a World Bank. | ||
| 245 | |a Global development finance : |b building coalitions for effection development finance part I country tables / | ||
| 260 | |b World Bank, |a Washington: |c 2001. | ||
| 942 | |c BK | ||
| 999 | |c 316979 |d 316979 | ||
| 952 | |0 0 |1 0 |2 ddc |4 0 |6 336_343500000000000_WOR_G |7 0 |9 363086 |a ECN |b ECN |c GEN |d 2010-09-07 |e Cosmo Books, Thrissur |i 7489 |l 0 |o 336.3435 WOR/G |p ECN7489 |r 2010-09-07 |w 2010-09-07 |y BK | ||